000 00658 a2200169 4500
005 20190806102641.0
008 190528b2010 ck ||||| |||| 00| 0 esp d
020 _a9789588392134
040 _aCO-BoUCM
_bspa
_cOscar Ávila (modificó)
_dOscar Ávila (modificó)
041 0 _aspa
100 1 0 _aSegovia, Lácides
_996562
245 1 0 _aHistoria de las leyes
_bacto legislativo número 3 de 1910
_cLácides Segovia
260 _bEdiciones Academia Colombiana de Jurisprudencia
_c2010
_aBogota, Colombia
_g2010
650 7 _912845
_aDerecho y legislación
_zColombia
942 _cLIBRO
_2DEWEY
_a8
_e1
_h348.026
_mS454h
_n0
999 _c312559
_d312559